| 000 | 00818nac a22002171u 4500 | ||
|---|---|---|---|
| 020 | _a0131911341 (pbk.) | ||
| 082 |
_a621.38275 _bK813 |
||
| 090 |
_c1381 _d1381 |
||
| 100 | _aKolimbiris, Harold. | ||
| 245 |
_aFiber optics communications / _cHarold Kolimbiris. |
||
| 260 |
_aUpper Saddle River, N.J. : _bPearson/Prentice Hall, _cc2004. |
||
| 300 |
_axiv, 649 p. : _bill. ; _c29 cm. |
||
| 500 | _aInternational edition. | ||
| 500 | _aOne CD_ROM in wallet tipped-in at back. | ||
| 504 | _aIncludes bibliographical references and index. | ||
| 650 | _aFiber optics. | ||
| 650 | _aOptical communications. | ||
| 650 | _aOptical detectors. | ||
| 942 |
_cBB _k621.38275K813 |
||
| 999 |
_c1381 _d1381 |
||